[Event "XLI Corsicoscacchi A"]
[Site "Corsico ITA"]
[Date "2009.10.03"]
[Round "3"]
[White "Castrogiovanni, Carlo"]
[Black "Mastrorilli, Nicola"]
[Result "1/2-1/2"]
[WhiteElo "2018"]
[BlackElo "1988"]
[PlyCount "107"]
[EventDate "2009.10.02"]

1. d4 Nf6 2. c4 e6 3. Nf3 c5 4. d5 exd5 5. cxd5 d6 6. Nc3 g6 7. Bg5 h6 8. Bf4
g5 9. Bd2 Bg7 10. e4 O-O 11. Bd3 Re8 12. O-O Bg4 13. Qc2 Bxf3 14. gxf3 Nh5 15.
Bb5 Nd7 16. Kg2 Be5 17. Ne2 a6 18. Bxd7 Qxd7 19. Ng3 Ng7 20. Rae1 Qe7 21. Bc3
h5 22. Ne2 h4 23. Kh1 Qf6 24. Qd3 Nh5 25. Rg1 Kh8 26. Rg4 Rg8 27. Reg1 Rg6 28.
a4 Rag8 29. a5 Qe7 30. Qd2 Kh7 31. Qc1 Qf6 32. Qe3 Bxc3 33. Qxc3 Qxc3 34. bxc3
f6 35. Rb1 R6g7 36. f4 Re8 37. f3 f5 38. Rxg5 Rxg5 39. fxg5 Kg6 40. Rb6 Kxg5
41. Rxd6 fxe4 42. fxe4 Rxe4 43. Ng1 Nf4 44. h3 Re3 45. c4 Nxh3 46. Nxh3+ Rxh3+
47. Kg2 Rc3 48. Rd7 Rxc4 49. Rxb7 Rd4 50. Rb6 Rxd5 51. Rxa6 c4 52. Rc6 Rxa5 53.
Rxc4 Rd5 54. Kh3 1/2-1/2

[Event "XLI Corsicoscacchi A"]
[Site "Corsico ITA"]
[Date "2009.10.03"]
[Round "3"]
[White "Magrini, Fabrizio"]
[Black "Cereda, Loris"]
[Result "1-0"]
[WhiteElo "2150"]
[BlackElo "2044"]
[PlyCount "67"]
[EventDate "2009.10.02"]

1. e4 e5 2. Nf3 Nc6 3. Bc4 Nf6 4. Ng5 d5 5. exd5 Na5 6. Bb5+ c6 7. dxc6 bxc6 8.
Qf3 Qc7 9. Bd3 Bg4 10. Qg3 Bd6 11. Ne4 Nxe4 12. Qxg4 Nc5 13. Be2 Ne6 14. b3 O-O
15. Ba3 f5 16. Bxd6 Qxd6 17. Qa4 Nb7 18. Bc4 Kh8 19. Bxe6 Qxe6 20. Nc3 Qg6 21.
O-O Nc5 22. Qa5 Qd6 23. d3 Ne6 24. Rfe1 c5 25. Ne2 f4 26. f3 Ng5 27. Kh1 Rf6
28. Nc3 Qd4 29. Re2 Re8 30. Rae1 Rh6 31. Nb5 Qd5 32. Rxe5 Rxe5 33. Rxe5 Re6 34.
Rxd5 1-0

[Event "XLI Corsicoscacchi A"]
[Site "Corsico ITA"]
[Date "2009.10.03"]
[Round "3"]
[White "Martinez, Rolly"]
[Black "Cazzaniga, Walter"]
[Result "1-0"]
[WhiteElo "2420"]
[BlackElo "2137"]
[PlyCount "59"]
[EventDate "2009.10.02"]

1. e4 e6 2. d4 d5 3. e5 c5 4. c3 Nc6 5. Nf3 Qb6 6. a3 c4 7. Nbd2 Na5 8. g3 Bd7
9. h4 f6 10. Bh3 O-O-O 11. O-O h5 12. exf6 gxf6 13. Re1 Nh6 14. Qe2 Nf5 15. Nf1
Bd6 16. Ne3 Qc6 17. Ng2 Nb3 18. Rb1 Nxc1 19. Rexc1 Rde8 20. b4 Rhg8 21. Bxf5
exf5 22. Qd2 Qc7 23. Re1 Re4 24. Qh6 Bxg3 25. Rb2 Rxe1+ 26. Nfxe1 Bxh4 27. Qxh5
Bg5 28. Re2 Qd6 29. Qh7 Re8 30. f4 1-0

[Event "XLI Corsicoscacchi A"]
[Site "Corsico ITA"]
[Date "2009.10.03"]
[Round "3"]
[White "Natalucci, Fabrizio"]
[Black "Tramalloni, Luca"]
[Result "1/2-1/2"]
[WhiteElo "2184"]
[BlackElo "2116"]
[PlyCount "25"]
[EventDate "2009.10.02"]

1. d4 Nf6 2. Nf3 g6 3. Nbd2 c5 4. e3 Bg7 5. c3 b6 6. Bd3 O-O 7. O-O d6 8. b4
cxb4 9. cxb4 e5 10. Bb2 exd4 11. Nxd4 Bb7 12. Rc1 Nbd7 13. Rc2 1/2-1/2

[Event "XLI Corsicoscacchi A"]
[Site "Corsico ITA"]
[Date "2009.10.03"]
[Round "3"]
[White "Quaranta, Cristiano"]
[Black "Bonazzi, Edoardo"]
[Result "1/2-1/2"]
[WhiteElo "2127"]
[BlackElo "2191"]
[PlyCount "25"]
[EventDate "2009.10.02"]

1. d4 Nf6 2. Nf3 c5 3. c4 cxd4 4. Nxd4 Nc6 5. Nc3 g6 6. e4 d6 7. Be2 Bg7 8. Be3
O-O 9. O-O Bd7 10. f3 Nxd4 11. Bxd4 Bc6 12. Qd2 Nd7 13. Be3 1/2-1/2

[Event "XLI Corsicoscacchi A"]
[Site "Corsico ITA"]
[Date "2009.10.03"]
[Round "3"]
[White "Sbarra, Marco"]
[Black "Bozzali, Ermanno"]
[Result "1/2-1/2"]
[WhiteElo "2245"]
[BlackElo "2090"]
[PlyCount "52"]
[EventDate "2009.10.02"]

1. d4 e6 2. c4 f5 3. g3 Nf6 4. Bg2 c6 5. Nf3 d5 6. O-O Bd6 7. b3 Qe7 8. Ne5 O-O
9. Bb2 b6 10. cxd5 exd5 11. Nd2 Bb7 12. Rc1 c5 13. Ndf3 Na6 14. Qd3 Ne4 15.
Rfd1 f4 16. Nd2 fxg3 17. Nxe4 gxh2+ 18. Kh1 dxe4 19. Bxe4 Nb4 20. Qc4+ Kh8 21.
Bxb7 Qxb7+ 22. f3 Bxe5 23. dxe5 Rxf3 24. exf3 Qxf3+ 25. Kxh2 Qf2+ 26. Kh1 Qf3+
1/2-1/2

[Event "XLI Corsicoscacchi A"]
[Site "Corsico ITA"]
[Date "2009.10.03"]
[Round "3"]
[White "Stefanetti, Marco"]
[Black "Astengo, Corrado"]
[Result "1-0"]
[WhiteElo "2092"]
[BlackElo "2127"]
[PlyCount "83"]
[EventDate "2009.10.02"]

1. e4 c5 2. Nc3 e6 3. g3 Nc6 4. Bg2 Nf6 5. Nge2 d5 6. exd5 exd5 7. d4 Be7 8.
O-O O-O 9. Be3 c4 10. Bg5 Be6 11. Nb1 h6 12. Bc1 Qd7 13. c3 Bh3 14. Bxh3 Qxh3
15. Nf4 Qf5 16. Nd2 Bd6 17. Ng2 Rfe8 18. Ne3 Qh3 19. Qf3 Ne7 20. Re1 Rad8 21.
Ndf1 Ng6 22. Bd2 Nf4 23. Nxc4 Qf5 24. Nxd6 Nh3+ 25. Kg2 Qxf3+ 26. Kxf3 Rxe1 27.
Rxe1 Rxd6 28. Kg2 Ng5 29. Bxg5 hxg5 30. Nd2 g4 31. Re7 Rb6 32. b3 Rc6 33. c4
dxc4 34. Nxc4 b5 35. Ne3 Ra6 36. Rb7 Rxa2 37. Rxb5 Rd2 38. Rb8+ Kh7 39. Rb7
Rxd4 40. Rxf7 Rb4 41. Rxa7 Rxb3 42. Ra4 1-0

[Event "XLI Corsicoscacchi A"]
[Site "Corsico ITA"]
[Date "2009.10.03"]
[Round "3"]
[White "Vinzoni, Andrea"]
[Black "Cehic, Goran"]
[Result "1/2-1/2"]
[WhiteElo "2079"]
[BlackElo "2301"]
[PlyCount "26"]
[EventDate "2009.10.02"]

1. d4 Nf6 2. c4 g6 3. Nc3 d5 4. cxd5 Nxd5 5. Bd2 Bg7 6. e4 Nb6 7. Be3 O-O 8.
Bb5 a6 9. Be2 Nc6 10. e5 Be6 11. Nf3 f6 12. exf6 exf6 13. O-O Ne7 1/2-1/2

[Event "XLI Corsicoscacchi A"]
[Site "Corsico ITA"]
[Date "2009.10.04"]
[Round "4"]
[White "Bonazzi, Edoardo"]
[Black "Sbarra, Marco"]
[Result "1/2-1/2"]
[WhiteElo "2191"]
[BlackElo "2245"]
[PlyCount "112"]
[EventDate "2009.10.02"]

1. Nf3 d5 2. c4 e6 3. g3 Nf6 4. Bg2 c5 5. cxd5 exd5 6. d4 Nc6 7. Nc3 Be7 8. O-O
O-O 9. dxc5 Bxc5 10. Na4 Be7 11. Be3 Re8 12. Rc1 Bg4 13. Nc5 Bxc5 14. Bxc5 Qd7
15. Re1 h6 16. Qa4 Re4 17. Nd4 Nxd4 18. Qxd7 Nxd7 19. Bxe4 Nxc5 20. Bxd5 Rc8
21. f3 Bd7 22. e3 Nf5 23. g4 Ne7 24. Red1 b5 25. b4 Ne6 26. Bxe6 Bxe6 27. Rxc8+
Nxc8 28. Rd8+ Kh7 29. Kf2 Nb6 30. a3 Nc4 31. Rd3 Kg6 32. h3 f5 33. Rc3 Kf6 34.
Rd3 h5 35. gxh5 f4 36. exf4 Bxh3 37. Rd5 Nxa3 38. Rd6+ Be6 39. Ra6 Nc2 40. Rxa7
Nxb4 41. Rb7 Bc4 42. Rb6+ Kf7 43. Rb7+ Kg8 44. Kg3 Nd5 45. Kg4 b4 46. Kg5 b3
47. f5 Kf8 48. f6 gxf6+ 49. Kf5 Kg8 50. h6 Nc3 51. Kxf6 Nb5 52. Rb8+ Kh7 53.
Rb7+ Kxh6 54. Rb8 Bd3 55. Rh8+ Bh7 56. Rb8 b2 1/2-1/2

[Event "XLI Corsicoscacchi A"]
[Site "Corsico ITA"]
[Date "2009.10.04"]
[Round "4"]
[White "Bozzali, Ermanno"]
[Black "Stefanetti, Marco"]
[Result "1/2-1/2"]
[WhiteElo "2090"]
[BlackElo "2092"]
[PlyCount "84"]
[EventDate "2009.10.02"]

1. e4 c6 2. d4 d5 3. Nd2 dxe4 4. Nxe4 Bf5 5. Ng3 Bg6 6. h4 h6 7. Nf3 Nd7 8. h5
Bh7 9. Bd3 Bxd3 10. Qxd3 e6 11. Bf4 Ngf6 12. O-O-O Be7 13. Kb1 O-O 14. Ne4 Nxe4
15. Qxe4 Nf6 16. Qe2 Qd5 17. Ne5 Qe4 18. Qxe4 Nxe4 19. Rhe1 Nf6 20. g4 Bd6 21.
f3 Rfd8 22. c3 a5 23. Rg1 c5 24. Be3 Nd5 25. Bf2 Bxe5 26. dxe5 c4 27. Bh4 Rdb8
28. g5 Kh7 29. Rd4 hxg5 30. Bxg5 b5 31. Rdg4 a4 32. a3 Rg8 33. Rh1 Raf8 34. h6
g6 35. Rd4 Rb8 36. Kc2 Rb7 37. Rhd1 Rc8 38. Kd2 Rcc7 39. Ke1 Rd7 40. Kf2 Nb6
41. Rd6 Nd5 42. Ra6 Ra7 1/2-1/2

[Event "XLI Corsicoscacchi A"]
[Site "Corsico ITA"]
[Date "2009.10.04"]
[Round "4"]
[White "Cazzaniga, Walter"]
[Black "Vinzoni, Andrea"]
[Result "1-0"]
[WhiteElo "2137"]
[BlackElo "2079"]
[PlyCount "75"]
[EventDate "2009.10.02"]

1. d4 d5 2. c4 e6 3. Nc3 Nf6 4. Bg5 Be7 5. e3 h6 6. Bh4 O-O 7. Nf3 Ne4 8. Bxe7
Qxe7 9. Qc2 Nxc3 10. Qxc3 dxc4 11. Bxc4 c5 12. dxc5 Qxc5 13. b4 Qe7 14. O-O b6
15. Rac1 Bb7 16. Be2 Nc6 17. b5 Nb4 18. Qb2 Rac8 19. Ne5 Qg5 20. g3 Qf6 21. f4
Nd5 22. Qb3 Qf5 23. Bf3 Qh7 24. Nc6 Bxc6 25. bxc6 Qg6 26. Rfd1 Nc7 27. Rd7 h5
28. Kg2 h4 29. g4 Nd5 30. h3 Rfd8 31. Bxd5 exd5 32. Qxd5 Re8 33. c7 Qf6 34. Rc2
g6 35. Kf3 Kg7 36. Rc6 Rxe3+ 37. Kxe3 Re8+ 38. Kf3 1-0

[Event "XLI Corsicoscacchi A"]
[Site "Corsico ITA"]
[Date "2009.10.04"]
[Round "4"]
[White "Cereda, Loris"]
[Black "Castrogiovanni, Carlo"]
[Result "0-1"]
[WhiteElo "2044"]
[BlackElo "2018"]
[PlyCount "118"]
[EventDate "2009.10.02"]

1. e4 c5 2. Nf3 a6 3. c3 d5 4. exd5 Qxd5 5. d4 Nf6 6. dxc5 Qxc5 7. Be3 Qc7 8.
Na3 e6 9. Nc4 Nbd7 10. Bd4 Be7 11. Bd3 b5 12. Nce5 Bb7 13. Qe2 Nxe5 14. Nxe5
Bc5 15. Bxc5 Qxc5 16. O-O Rd8 17. Bc2 O-O 18. a4 b4 19. cxb4 Qxb4 20. Bd3 a5
21. Rfd1 Rd5 22. Bb5 Rc8 23. Nd3 Qd6 24. Rac1 Rd8 25. Bc4 Rd4 26. b3 Kf8 27.
Nb2 Qc6 28. f3 Qb6 29. Qf2 Ke7 30. Rxd4 Qxd4 31. Rd1 Qxf2+ 32. Kxf2 Rxd1 33.
Nxd1 Nd5 34. Ne3 Kd6 35. Ke2 Kc5 36. Nc2 Nf4+ 37. Kf2 Bd5 38. Bxd5 exd5 39. g3
Nd3+ 40. Ke3 Nc1 41. Nd4 Na2 42. f4 Nb4 43. g4 Nc6 44. Nc2 Kd6 45. Kd3 f6 46.
Ne3 g6 47. h4 Ke6 48. Nc2 f5 49. g5 Kd6 50. Ne3 Kc5 51. h5 Nd4 52. hxg6 hxg6
53. Ng2 Ne6 54. Kc3 d4+ 55. Kd3 Kd5 56. b4 axb4 57. a5 b3 58. a6 Kc6 59. Ne1
Nxf4+ 0-1

[Event "XLI Corsicoscacchi A"]
[Site "Corsico ITA"]
[Date "2009.10.04"]
[Round "4"]
[White "Magrini, Fabrizio"]
[Black "Bemporad, Filippo"]
[Result "1-0"]
[WhiteElo "2150"]
[BlackElo "2123"]
[PlyCount "93"]
[EventDate "2009.10.02"]

1. e4 c5 2. Nf3 d6 3. d4 cxd4 4. Nxd4 Nf6 5. Nc3 e6 6. g4 h6 7. h3 Qc7 8. Be3
a6 9. Bg2 Nc6 10. f4 Rb8 11. Qe2 Na5 12. O-O-O Nc4 13. Rhe1 Be7 14. g5 hxg5 15.
fxg5 Nxe3 16. Qxe3 Nd7 17. g6 Ne5 18. gxf7+ Nxf7 19. Kb1 Bf6 20. e5 Bxe5 21.
Be4 Qe7 22. Nf3 Bf6 23. Bg6 O-O 24. Qg1 Bxc3 25. bxc3 Qf6 26. Rf1 Bd7 27. Bd3
Nh6 28. Nd4 Nf5 29. Rde1 b5 30. Nxf5 exf5 31. Qa7 Be6 32. Rg1 Ra8 33. Qb7 Rab8
34. Qa7 Ra8 35. Qb7 Qf7 36. Qg2 Bxa2+ 37. Kb2 Ra7 38. Bxf5 Qxf5 39. Kxa2 a5 40.
Rgf1 Qh5 41. Rxf8+ Kxf8 42. Qc6 Qf7+ 43. Kb1 Kg8 44. Re8+ Kh7 45. Qe4+ Kh6 46.
h4 g5 47. Re7 1-0

[Event "XLI Corsicoscacchi A"]
[Site "Corsico ITA"]
[Date "2009.10.04"]
[Round "4"]
[White "Mastrorilli, Nicola"]
[Black "Berni, Fabrizio"]
[Result "1/2-1/2"]
[WhiteElo "1988"]
[BlackElo "2145"]
[PlyCount "40"]
[EventDate "2009.10.02"]

1. d4 d5 2. c4 e6 3. Nc3 Nf6 4. Nf3 Nbd7 5. e3 Be7 6. b3 O-O 7. Bd3 c5 8. O-O
cxd4 9. exd4 dxc4 10. bxc4 Qa5 11. Nb5 a6 12. Bd2 Bb4 13. Bxb4 Qxb4 14. Rb1 Qe7
15. Nc3 b5 16. cxb5 axb5 17. Bxb5 Ra3 18. Rb3 Ba6 19. Bxa6 Rxa6 20. Qe2 Qd6
1/2-1/2

[Event "XLI Corsicoscacchi A"]
[Site "Corsico ITA"]
[Date "2009.10.04"]
[Round "4"]
[White "Quaranta, Cristiano"]
[Black "Martinez, Rolly"]
[Result "0-1"]
[WhiteElo "2127"]
[BlackElo "2420"]
[PlyCount "88"]
[EventDate "2009.10.02"]

1. d4 Nf6 2. c4 e6 3. g3 d5 4. Nf3 Be7 5. Bg2 O-O 6. O-O dxc4 7. Qc2 a6 8. Qxc4
b5 9. Qc2 Bb7 10. Bd2 Be4 11. Qc1 Nbd7 12. Ba5 Rc8 13. Nbd2 Ba8 14. Qc2 Qe8 15.
b4 Bd6 16. Ng5 Bxg2 17. Kxg2 e5 18. e3 h6 19. Nge4 exd4 20. exd4 Qe6 21. Nxf6+
Nxf6 22. Qc6 Qd5+ 23. Qxd5 Nxd5 24. a3 Rce8 25. Rfc1 Re2 26. Nb3 Rfe8 27. Nc5
Ne3+ 28. Kg1 Nc2 29. Rab1 Nxd4 30. Nxa6 Ra2 31. Kg2 Ree2 32. Rf1 Rec2 33. Nc5
Bxc5 34. bxc5 Rxc5 35. Rbd1 Ne6 36. Rb1 c6 37. Rb3 Rcc2 38. Bb6 Kf8 39. h4 Ke7
40. Rd3 c5 41. Rb3 Rab2 42. Rxb2 Rxb2 43. Rc1 Kd6 44. Kf3 Rb3+ 0-1

[Event "XLI Corsicoscacchi A"]
[Site "Corsico ITA"]
[Date "2009.10.04"]
[Round "4"]
[White "Tramalloni, Luca"]
[Black "Cehic, Goran"]
[Result "1/2-1/2"]
[WhiteElo "2116"]
[BlackElo "2301"]
[PlyCount "22"]
[EventDate "2009.10.02"]

1. d4 Nf6 2. c4 g6 3. Nc3 d5 4. cxd5 Nxd5 5. e4 Nxc3 6. bxc3 Bg7 7. Bg5 c5 8.
Rc1 Qa5 9. Qd2 h6 10. Be3 cxd4 11. cxd4 Qxd2+ 1/2-1/2

[Event "XLI Corsicoscacchi A"]
[Site "Corsico ITA"]
[Date "2009.10.04"]
[Round "5"]
[White "Bemporad, Filippo"]
[Black "Natalucci, Fabrizio"]
[Result "1-0"]
[WhiteElo "2123"]
[BlackElo "2184"]
[PlyCount "66"]
[EventDate "2009.10.02"]

1. d4 d5 2. Nf3 e6 3. g3 f5 4. Bg2 Bd6 5. c4 c6 6. b3 Nf6 7. O-O Qe7 8. a4 O-O
9. Ba3 Bxa3 10. Nxa3 Nbd7 11. Nc2 Ne4 12. e3 Rf6 13. Nce1 Rh6 14. Nd3 g5 15. h3
Ndf6 16. Nfe5 Bd7 17. Nxd7 Nxd7 18. Rc1 Rf8 19. Qe1 dxc4 20. Rxc4 Qa3 21. Qd1
Nb6 22. Rc1 Nd5 23. Bxe4 fxe4 24. Nc5 Rxh3 25. Qg4 Rh6 26. Qxe4 Qb4 27. Kg2 b6
28. Nd7 Rf7 29. Ne5 Rc7 30. Qg4 Nxe3+ 31. fxe3 Qd2+ 32. Rf2 Qxc1 33. Qxg5+ Rg6
1-0

[Event "XLI Corsicoscacchi A"]
[Site "Corsico ITA"]
[Date "2009.10.04"]
[Round "5"]
[White "Bozzali, Ermanno"]
[Black "Magrini, Fabrizio"]
[Result "1/2-1/2"]
[WhiteElo "2090"]
[BlackElo "2150"]
[PlyCount "41"]
[EventDate "2009.10.02"]

1. e4 c5 2. Nf3 Nc6 3. d4 cxd4 4. Nxd4 Nf6 5. Nc3 e5 6. Ndb5 d6 7. Bg5 a6 8.
Na3 b5 9. Bxf6 gxf6 10. Nd5 f5 11. exf5 Bxf5 12. c3 Bg7 13. Nc2 O-O 14. Nce3
Be6 15. Bd3 f5 16. Qh5 e4 17. Bc2 Ne7 18. Rd1 Rc8 19. O-O Rc5 20. Bb3 Kh8 21.
Nf4 1/2-1/2

[Event "XLI Corsicoscacchi A"]
[Site "Corsico ITA"]
[Date "2009.10.04"]
[Round "5"]
[White "Castrogiovanni, Carlo"]
[Black "Tramalloni, Luca"]
[Result "0-1"]
[WhiteElo "2018"]
[BlackElo "2116"]
[PlyCount "84"]
[EventDate "2009.10.02"]

1. d4 Nf6 2. c4 g6 3. Nc3 d5 4. cxd5 Nxd5 5. Bd2 Nb6 6. e4 Qxd4 7. Nb5 Qxe4+ 8.
Be2 Na6 9. Bc3 e5 10. Nf3 Bg7 11. O-O O-O 12. Re1 f6 13. Na3 Qa4 14. Bc4+ Kh8
15. Bb3 Qe8 16. Nh4 g5 17. Nf3 Qg6 18. g3 Bh3 19. Bc2 Bf5 20. Bb3 Rfd8 21. Qe2
Nc5 22. Bc2 Bxc2 23. Nxc2 Nd3 24. Red1 Na4 25. Rd2 Nxc3 26. bxc3 e4 27. Nfd4 f5
28. g4 f4 29. f3 Nc5 30. Nf5 exf3 31. Rxd8+ Rxd8 32. Qxf3 Qb6 33. Ncd4 Ne6 34.
Re1 Bxd4+ 35. cxd4 Nxd4 36. Qc3 Kg8 37. Ne7+ Kf8 38. Kg2 Rd7 39. Qa3 Qd6 40.
Qd3 Rxe7 41. Rxe7 Qxe7 42. Qxd4 Qe2+ 0-1

[Event "XLI Corsicoscacchi A"]
[Site "Corsico ITA"]
[Date "2009.10.04"]
[Round "5"]
[White "Cazzaniga, Walter"]
[Black "Bonazzi, Edoardo"]
[Result "0-1"]
[WhiteElo "2137"]
[BlackElo "2191"]
[PlyCount "46"]
[EventDate "2009.10.02"]

1. d4 Nf6 2. c4 c5 3. d5 b5 4. cxb5 a6 5. bxa6 Bxa6 6. Nc3 d6 7. Nf3 g6 8. g3
Bg7 9. Bg2 Nbd7 10. O-O Nb6 11. Re1 O-O 12. e4 Nfd7 13. a4 Nc4 14. Bf1 Qa5 15.
Bxc4 Bxc4 16. Bg5 Rfe8 17. Qd2 Rab8 18. Reb1 Qa6 19. Be3 Rb4 20. Ne1 Ne5 21.
Kg2 Reb8 22. Kh1 Ba2 23. Nc2 Bxb1 0-1

[Event "XLI Corsicoscacchi A"]
[Site "Corsico ITA"]
[Date "2009.10.04"]
[Round "5"]
[White "Cehic, Goran"]
[Black "Mastrorilli, Nicola"]
[Result "1/2-1/2"]
[WhiteElo "2301"]
[BlackElo "1988"]
[PlyCount "39"]
[EventDate "2009.10.02"]

1. c4 c5 2. Nc3 Nc6 3. Nf3 g6 4. g3 Bg7 5. Bg2 Nf6 6. O-O O-O 7. d4 cxd4 8.
Nxd4 Nxd4 9. Qxd4 d6 10. Qd3 Rb8 11. Nb5 a6 12. Nd4 Nd7 13. Rd1 Ne5 14. Qc2 Qc7
15. b3 Bd7 16. Bb2 b5 17. f4 Ng4 18. Qd2 e5 19. fxe5 dxe5 20. Nc2 1/2-1/2

[Event "XLI Corsicoscacchi A"]
[Site "Corsico ITA"]
[Date "2009.10.04"]
[Round "5"]
[White "Sbarra, Marco"]
[Black "Quaranta, Cristiano"]
[Result "1-0"]
[WhiteElo "2245"]
[BlackElo "2127"]
[PlyCount "181"]
[EventDate "2009.10.02"]

1. d4 d5 2. c4 c6 3. Nc3 Nf6 4. e3 e6 5. Nf3 Nbd7 6. Qc2 b6 7. Be2 Bb7 8. O-O
Bd6 9. cxd5 exd5 10. e4 dxe4 11. Ng5 O-O 12. Ngxe4 Nxe4 13. Nxe4 Be7 14. Bf3
Nf6 15. Rd1 h6 16. Nc3 Rc8 17. Bf4 Bd6 18. Be5 Qe7 19. Qf5 Rcd8 20. Bxf6 Qxf6
21. Qxf6 gxf6 22. Ne4 Kg7 23. Nxd6 Rxd6 24. Rd2 Rfd8 25. Rad1 Ba6 26. h4 c5 27.
d5 f5 28. Kh2 Kf6 29. Kg3 Ke5 30. Re1+ Kf6 31. Kf4 Bc4 32. a3 Bxd5 33. Red1 Ke6
34. Bxd5+ Rxd5 35. Rxd5 Rxd5 36. Rxd5 Kxd5 37. Kxf5 Kc4 38. g4 f6 39. Kxf6 Kb3
40. g5 hxg5 41. hxg5 Kxb2 42. g6 c4 43. g7 c3 44. g8=Q c2 45. Qc4 c1=Q 46.
Qxc1+ Kxc1 47. Ke5 b5 48. Kd4 Kb2 49. f4 a5 50. f5 b4 51. axb4 a4 52. b5 a3 53.
b6 a2 54. b7 a1=Q 55. b8=Q+ Ka3+ 56. Kc5 Qc1+ 57. Kd5 Qd2+ 58. Ke6 Qe3+ 59. Qe5
Qb3+ 60. Ke7 Qb7+ 61. Kf6 Qh1 62. Qc3+ Ka4 63. Qc4+ Ka3 64. Ke6 Qh3 65. Qc1+
Ka4 66. Qf4+ Ka3 67. Ke7 Qh7+ 68. Kd6 Qh8 69. Qe3+ Ka4 70. Qe4+ Ka3 71. Qf3+
Ka4 72. f6 Qb8+ 73. Ke6 Qe8+ 74. Kf5 Qc8+ 75. Kf4 Qb8+ 76. Kg5 Qg8+ 77. Kh4 Qd8
78. Qe4+ Kb3 79. Qe6+ Ka4 80. Kh5 Qd2 81. f7 Qh2+ 82. Kg5 Qd2+ 83. Kf6 Qd8+ 84.
Kg7 Qd4+ 85. Kg8 Qg1+ 86. Kf8 Qh2 87. Ke7 Qh4+ 88. Ke8 Qh5 89. Kd7 Qd1+ 90. Kc7
Qd4 91. Qd7+ 1-0

[Event "XLI Corsicoscacchi A"]
[Site "Corsico ITA"]
[Date "2009.10.04"]
[Round "5"]
[White "Vinzoni, Andrea"]
[Black "Astengo, Corrado"]
[Result "1/2-1/2"]
[WhiteElo "2079"]
[BlackElo "2127"]
[PlyCount "29"]
[EventDate "2009.10.02"]

1. d4 d5 2. c4 e6 3. Nc3 c6 4. e3 Nf6 5. Nf3 Nbd7 6. Bd3 dxc4 7. Bxc4 b5 8. Bd3
Bb7 9. O-O a6 10. e4 b4 11. Na4 c5 12. e5 Nd5 13. Re1 cxd4 14. Nxd4 Be7 15. Qg4
1/2-1/2

[Event "XLI Corsicoscacchi B"]
[Site "Corsico ITA"]
[Date "2009.10.02"]
[Round "1"]
[White "Arena, Piermario"]
[Black "Napoli, Ferdinando"]
[Result "1/2-1/2"]
[WhiteElo "1900"]
[BlackElo "1744"]
[PlyCount "35"]
[EventDate "2009.10.02"]

1. e4 c5 2. c3 d5 3. exd5 Qxd5 4. d4 e6 5. Nf3 Nc6 6. Be2 Nf6 7. Na3 cxd4 8.
Nb5 Qd8 9. Nbxd4 Bd7 10. O-O Be7 11. Bf4 a6 12. h3 O-O 13. Nxc6 Bxc6 14. Ne5
Be4 15. Bf3 Bxf3 16. Qxf3 Qd5 17. Rfd1 Qxf3 18. Nxf3 1/2-1/2

[Event "XLI Corsicoscacchi B"]
[Site "Corsico ITA"]
[Date "2009.10.02"]
[Round "1"]
[White "Bisignano, Giuseppe"]
[Black "Priori, Luigi"]
[Result "0-1"]
[WhiteElo "1939"]
[BlackElo "1798"]
[PlyCount "70"]
[EventDate "2009.10.02"]

1. e4 e6 2. d4 d5 3. Nc3 Nf6 4. Bg5 Be7 5. Bxf6 Bxf6 6. e5 Be7 7. f4 c5 8. Nf3
Nc6 9. Be2 a6 10. O-O Qb6 11. Na4 Qa7 12. dxc5 Bxc5+ 13. Nxc5 Qxc5+ 14. Kh1 Qb4
15. Qd2 Qxb2 16. a3 Qb6 17. Rfe1 g6 18. Bd3 Ne7 19. Nd4 Bd7 20. c3 O-O 21. f5
exf5 22. Qh6 Kh8 23. Nf3 Ng8 24. Qh4 Qd8 25. Qd4 Be6 26. Reb1 Qc7 27. Rb6 Rfc8
28. Rab1 Qxc3 29. Qe3 Qxa3 30. Ng5 Rc3 31. Rxe6 fxe6 32. Nxh7 Kxh7 33. Rxb7+
Ne7 34. Qh3+ Kg7 35. g3 Rh8 0-1

[Event "XLI Corsicoscacchi B"]
[Site "Corsico ITA"]
[Date "2009.10.02"]
[Round "1"]
[White "Brociner, Beniamino"]
[Black "Ganci, Stefano"]
[Result "1/2-1/2"]
[WhiteElo "1725"]
[BlackElo "1899"]
[PlyCount "118"]
[EventDate "2009.10.02"]

1. e4 e5 2. f4 d5 3. exd5 exf4 4. Nf3 c6 5. d4 Bd6 6. dxc6 Nxc6 7. d5 Qe7+ 8.
Be2 Ne5 9. O-O Nf6 10. Nxe5 Bxe5 11. Bb5+ Kf8 12. Kh1 a6 13. Bc4 b5 14. Bb3 Qd6
15. Nd2 Bg4 16. Nf3 a5 17. a3 g5 18. Qd3 Bxf3 19. gxf3 Qd7 20. Re1 Bd6 21. Qd4
Qd8 22. Bd2 Rg8 23. a4 b4 24. Bc4 Nd7 25. Qe4 Qf6 26. c3 Nc5 27. Qe2 b3 28. Bb5
Qf5 29. c4 Qd3 30. Bc3 Qxe2 31. Rxe2 f5 32. Rae1 Nd3 33. Re8+ Kf7 34. Rxg8 Rxg8
35. Re6 Be7 36. Rh6 Bc5 37. Rxh7+ Kg6 38. Rc7 g4 39. Kg2 Kh6 40. Rc6+ Kh5 41.
d6 Rd8 42. d7 Rxd7 43. Rxc5 Nxc5 44. Bxd7 Nxd7 45. Bxa5 Nc5 46. Bb4 Nxa4 47.
Ba3 Nb6 48. c5 Nd5 49. c6 Kg6 50. Kf2 Kf6 51. Bd6 Ke6 52. Bc5 Nc7 53. Bb4 Nd5
54. Bc5 Nc7 55. Bb4 Nb5 56. Bd2 Ke5 57. Ba5 Kd5 58. c7 Nd6 59. Bd2 Kc6 1/2-1/2

[Event "XLI Corsicoscacchi B"]
[Site "Corsico ITA"]
[Date "2009.10.02"]
[Round "1"]
[White "Cerioni, Armando"]
[Black "Carbone, Lorenzo"]
[Result "1-0"]
[WhiteElo "1987"]
[BlackElo "1812"]
[PlyCount "25"]
[EventDate "2009.10.02"]

1. d4 d5 2. c4 e6 3. Nc3 Nf6 4. cxd5 exd5 5. Bg5 Be7 6. e3 O-O 7. Bd3 Nbd7 8.
Nge2 b6 9. O-O Bb7 10. Rc1 c5 11. Bb1 Ne4 12. Bxe7 Nxc3 13. Qc2 1-0

[Event "XLI Corsicoscacchi B"]
[Site "Corsico ITA"]
[Date "2009.10.02"]
[Round "1"]
[White "Clerici, Samuele"]
[Black "Bernasconi, Roberto"]
[Result "0-1"]
[WhiteElo "1776"]
[BlackElo "1928"]
[PlyCount "64"]
[EventDate "2009.10.02"]

1. e4 e5 2. Nf3 Nf6 3. d3 Nc6 4. Nc3 d6 5. Be2 Be7 6. O-O O-O 7. h3 d5 8. exd5
Nxd5 9. Bd2 Re8 10. Re1 Be6 11. Nh2 Nd4 12. Bf1 Nxc3 13. Bxc3 Bd6 14. Nf3 Qf6
15. Be2 Bd5 16. Bxd4 exd4 17. Nh2 Re7 18. g3 Rae8 19. Qd2 b6 20. a3 c5 21. Bf1
h6 22. Bg2 Be6 23. a4 Bd7 24. a5 Bc7 25. axb6 Rxe1+ 26. Rxe1 Rxe1+ 27. Qxe1
axb6 28. b4 Kf8 29. Nf3 Bxh3 30. Nxd4 Bxg2 31. Nb5 Bb7 32. Nxc7 Qc6 0-1

[Event "XLI Corsicoscacchi B"]
[Site "Corsico ITA"]
[Date "2009.10.02"]
[Round "1"]
[White "Fiori, Mauro"]
[Black "Cardani, Roberto"]
[Result "0-1"]
[WhiteElo "1805"]
[BlackElo "1943"]
[PlyCount "96"]
[EventDate "2009.10.02"]

1. d4 Nf6 2. c4 e6 3. Nc3 Bb4 4. Bg5 h6 5. Bh4 c5 6. d5 Bxc3+ 7. bxc3 e5 8. e3
d6 9. Qc2 O-O 10. Bd3 Re8 11. e4 Nbd7 12. Ne2 Nf8 13. O-O Ng6 14. Bg3 Nh5 15.
f4 exf4 16. Bxf4 Nhxf4 17. Nxf4 Ne5 18. Rae1 Qh4 19. Re3 b6 20. Rg3 Ng4 21. Rh3
Qe7 22. Rg3 Ne5 23. Nh5 Bg4 24. Be2 Bxh5 25. Bxh5 g6 26. Be2 Rf8 27. Qd2 Kg7
28. Qf4 Rae8 29. h4 Kh7 30. Rh3 f5 31. Re3 fxe4 32. Qxe4 Rxf1+ 33. Kxf1 Qf6+
34. Kg1 Ng4 35. Qxg4 Rxe3 36. Bf3 Qf5 37. Qg3 Qe5 38. Qg4 Re1+ 39. Kf2 Qe3+ 40.
Kg3 Qe5+ 41. Kf2 h5 42. Qd7+ Qe7 43. Qh3 Rc1 44. Be2 Qf6+ 45. Bf3 Qe7 46. Be2
Rc2 47. Qd3 Qxh4+ 48. Kf3 Qf6+ 0-1

[Event "XLI Corsicoscacchi B"]
[Site "Corsico ITA"]
[Date "2009.10.02"]
[Round "1"]
[White "Gobbo, Francesco"]
[Black "Ragoso, Mario"]
[Result "1-0"]
[WhiteElo "1923"]
[BlackElo "1770"]
[PlyCount "76"]
[EventDate "2009.10.02"]

1. d4 Nf6 2. c4 g6 3. Nc3 Bg7 4. e4 d6 5. Nf3 e5 6. d5 O-O 7. Be2 a5 8. Bg5 Na6
9. Nd2 h6 10. Be3 Nc5 11. O-O Kh8 12. b3 Bd7 13. a3 c6 14. f3 Nh5 15. b4 axb4
16. axb4 cxd5 17. Nxd5 Ne6 18. Rxa8 Qxa8 19. Nb6 Qd8 20. Re1 Nef4 21. Bf1 Be6
22. Nb3 Rg8 23. Na5 Qg5 24. Qd2 Qe7 25. Rd1 Bf8 26. Kh1 g5 27. g3 Ng6 28. Nd5
Bxd5 29. Qxd5 g4 30. fxg4 Nf6 31. Qxb7 Nxg4 32. Qxe7 Bxe7 33. Bg1 d5 34. exd5
Bxb4 35. Nc6 Rc8 36. Nxb4 Rg8 37. Nc6 Rc8 38. Nb4 Rd8 1-0